000 00416nam a22001697a 4500
003 MPLRDC
005 20220104180449.0
008 210129b ||||| |||| 00| 0 eng d
082 _a312.9165 SWEE 1997*
100 _aYEOW LEONG SWEE
245 _aPENGENALAN KEPADA INTERNET
_c
250 _a再版
260 _a
_bPENERBITAN PELANGI S/B
_c1997
300 _b
650 _a
942 _cBK
_o312.9165 SWEE 1997*
999 _c60930
_d60920